000 00210 a2200097 4500
001 49488
100 _aTreble
245 _aTales of heroism adventure
260 _aOxford
_bClarendam
_c
090 _c32019
_d32019
942 _aNUST-CAE
_cM
_c24469
999 _c284561
_d284561